Online
Catalog

Cartas a los padres y educadores para tiempos de revolución / (Record no. 24321)

MARC details
000 -CABECERA
campo de control de longitud fija 00778nam a2200205 u 4500
001 - NÚMERO DE CONTROL
campo de control 000024828
005 - FECHA Y HORA DE LA ÚLTIMA TRANSACCIÓN
campo de control 20200930023408.0
008 - DATOS DE LONGITUD FIJA--INFORMACIÓN GENERAL
campo de control de longitud fija 110204s1971 sp r 000 0 spa d
040 ## - FUENTE DE LA CATALOGACIÓN
Centro catalogador/agencia de origen DO-SdBNP
Lengua de catalogación spa
Centro/agencia transcriptor BNPHU
041 17 - CÓDIGO DE LENGUA
Código de lengua del texto/banda sonora o título independiente spa
Código de lengua original ita
Fuente del código Código de idiomas MARC
082 ## - NÚMERO DE LA CLASIFICACIÓN DECIMAL DEWEY
Número de clasificación nn*
Número de documento/Ítem nn*
049 ## - FONDOS LOCALES (OCLC)
Fondos de biblioteca BNGR
100 1# - ENTRADA PRINCIPAL--NOMBRE DE PERSONA
Nombre de persona Ravier, André.
9 (RLIN) 50953
240 10 - TÍTULO UNIFORME
Título uniforme Lettere al genitori e agli educatori per i tempi di rivoluzione.
Lenguaje de la obra Español
245 10 - MENCIÓN DE TÍTULO
Título Cartas a los padres y educadores para tiempos de revolución /
Mención de responsabilidad, etc. André Ravier ; introducción de Sandra Bartolini.
260 ## - PUBLICACIÓN, DISTRIBUCIÓN, ETC.
Lugar de publicación, distribución, etc. Madrid :
Nombre del editor, distribuidor, etc. Narcea,
Fecha de publicación, distribución, etc. 1971.
300 ## - DESCRIPCIÓN FÍSICA
Extensión 216 p. ;
Dimensiones 19 cm.
534 ## - NOTA SOBRE LA VERSIÓN ORIGINAL
Encabezamiento principal del original Título original :
Mención de título del original Lettere al genitori e agli educatori per i tempi di rivoluzione
700 1# - PUNTO DE ACCESO ADICIONAL--NOMBRE DE PERSONA
Nombre de persona Bartolini, Sandra,
Término indicativo de función/relación introd.
9 (RLIN) 50954
Holdings
Estado de retiro Estado de pérdida Restricciones de uso No para préstamo Código de colección Localización permanente Ubicación/localización actual Ubicación en estantería Fecha de adquisición Número de inventario Total de préstamos Signatura topográfica completa Código de barras Fecha visto por última vez Precio válido a partir de Tipo de ítem Koha
        Monografías: Libros y Folletos General General En catalogación 04.02.2011 LF1   nn* nn* 24828-10 25.06.2020 25.06.2020 Préstamo en sala

Powered by Koha